| 000 | 003830000a22001210004500 | ||
|---|---|---|---|
| 090 |
_aAS _bSeriadas |
||
| 245 | 1 | 0 | _aDispositivo práctico y sencillo para almacenar y transportar artropodos en el campo |
| 041 | 0 | _aEspañol | |
| 700 | 1 |
_aGalvis Hurtado, Carlos E. _997684 |
|
| 100 | 1 |
_aFlórez Daza, Eduardo _97310 |
|
| 942 | _cARTICULO | ||
| 773 | 1 |
_tCespedesia _3124 _h66 _q203-207 _d1995 _g20 |
|
| 999 |
_c15028 _d15028 |
||